Normal view
MARC view
- ECONOMICS OF MICROFINANCE. , MICROFINANCE
Entry Topical Term
001 - CONTROL NUMBER
- control field: 63957
003 - CONTROL NUMBER IDENTIFIER
- control field: NUST
005 - DATE AND TIME OF LATEST TRANSACTION
- control field: 20210628203213.0
008 - FIXED-LENGTH DATA ELEMENTS
- fixed length control field: 210628|| aca||aabn | a|a d
040 ## - CATALOGING SOURCE
- Original cataloging agency: NUST
- Transcribing agency: NUST
150 ## - HEADING--TOPICAL TERM
- Topical term or geographic name entry element: ECONOMICS OF MICROFINANCE. , MICROFINANCE
670 ## - SOURCE DATA FOUND
- Source citation: Work cat.: (NUST): Armendariz, Beatriz , Morduch, Jonathan 63956, The economics of microfinance, 2005
